Hlavné tendencie vo vývoji peňažnej zásoby SR v roku 1998 a v prvom polroku 1999
Vývoj peňažnej zásoby SR v roku 1998 a prvom polroku 1999. Peňažné agregáty a základné ukazovatele. Medziročné zmeny v štruktúre peňažnej zásoby M2. Vývoj krátkodobých termínovaných vkladov. Dopad sektorových charakteristík peňažného správania na dynamiku M2 (vplyv vkladov obyvateľstva a vkladov pod...
Saved in:
| Main Author: | |
|---|---|
| Format: | Book Chapter |
| Language: | Slovak English |
| Subjects: | |
| Tags: |
No Tags, Be the first to tag this record!
|
MARC
| LEADER | 00000naa a2200000 4500 | ||
|---|---|---|---|
| 001 | r036993 | ||
| 005 | 20221129101849.9 | ||
| 041 | 0 | |a slo | |
| 041 | 0 | |a eng | |
| 044 | |a SK | ||
| 245 | 1 | 0 | |a Hlavné tendencie vo vývoji peňažnej zásoby SR v roku 1998 a v prvom polroku 1999 |c Zora Komínková |
| 520 | |a Vývoj peňažnej zásoby SR v roku 1998 a prvom polroku 1999. Peňažné agregáty a základné ukazovatele. Medziročné zmeny v štruktúre peňažnej zásoby M2. Vývoj krátkodobých termínovaných vkladov. Dopad sektorových charakteristík peňažného správania na dynamiku M2 (vplyv vkladov obyvateľstva a vkladov podnikov). | ||
| 610 | 2 | 0 | |a zásoba peňažná |
| 610 | 2 | 0 | |a agregáty menové |
| 610 | 2 | 0 | |a Slovensko |
| 610 | 2 | 0 | |a vklady |
| 610 | 2 | 0 | |a miera úroková |
| 610 | 2 | 0 | |a sadzby úrokové |
| 610 | 2 | 0 | |a podnik |
| 610 | 2 | 0 | |a obyvateľstvo |
| 610 | 2 | 0 | |a 1998 |
| 610 | 2 | 0 | |a 1999 |
| 100 | 1 | |a Komínková, Zora | |